Η άγνωστη προιστορία των ελλήνων (10.000-2.000 π.χ.)
Αποθηκεύτηκε σε:
| Κύριος συγγραφέας: | |
|---|---|
| Μορφή: | Βιβλίο |
| Γλώσσα: | Greek |
| Δημοσίευση: |
Θεσσαλονίκη :
Δίον,
[1996-1997]
|
| Έκδοση: | 4η έκδ. |
| Θέματα: | |
| Ετικέτες: |
Προσθήκη ετικέτας
Δεν υπάρχουν, Καταχωρήστε ετικέτα πρώτοι!
|
MARC
| LEADER | 00000nam a2200000 i 4500 | ||
|---|---|---|---|
| 001 | 1/66029 | ||
| 008 | 990114q19961997 gre d | ||
| 035 | |l 10047236 | ||
| 040 | |a GR-MY-UA |b gre |e aacr | ||
| 041 | 0 | |a gre | |
| 082 | 0 | |a 938.01 | |
| 100 | 1 | |a Ιωαννίδης, Παντελής Κ. | |
| 245 | 1 | 2 | |a Η άγνωστη προιστορία των ελλήνων (10.000-2.000 π.χ.) / |c Παντελής Ιωαννίδης |
| 250 | |a 4η έκδ. | ||
| 260 | |a Θεσσαλονίκη : |b Δίον, |c [1996-1997] | ||
| 300 | |a 286 σ. | ||
| 650 | 0 | 0 | |a Archaeology |z Greece |x History. |
| 852 | |a INST |b RHODES |e 19990114 |h 938.01 ΙΩΑ |p 005400005878 |q 005400005878 |t BK |y 0 | ||
| 901 | |a BIBL-1999-1 | ||
| 909 | |a Ρ |b 053633 |c 1998 | ||
| 922 | |a 4ΕΛΗ |b 199802 |c ΚΠΣ/ΔΕ |d EMVASIS | ||
| 970 | |z 2000/07/ΚΑΤΕΡΙΝΑ | ||